000 00298nam a22001337a 4500
008 170316b xxu||||| |||| 00| 0 eng d
020 _a9780397512881
041 _aeng
080 _23 ED
_aSHM
100 _a7
101 _aSHM
245 _aNEUROLOGY NON NEUEROLOGY
_cWEINER.W.J
942 _2udc
_cBK
999 _c8006
_d8006